[Event "Titled Tuesday intern op 11th Jul Late"]
[Site "Chess.com INT"]
[Date "2023.07.11"]
[Round "4"]
[White "Tuzi, Bruna"]
[Black "Andrews, Todd D"]
[Result "0-1"]
[WhiteElo "2051"]
[BlackElo "2149"]
[PlyCount "70"]
[EventDate "2023.07.11"]
[EventType "swiss (blitz)"]
[EventRounds "11"]
[EventCountry "USA"]
[SourceTitle "EXT 2024"]
[Source "ChessBase"]
[SourceDate "2023.10.10"]
[SourceVersion "1"]
[SourceVersionDate "2023.10.10"]
[SourceQuality "1"]

1. e4 e6 2. d4 d5 3. exd5 exd5 4. Nf3 Bg4 5. Be2 Nc6 6. 0-0 Bd6 7. c3 Nge7 8. Re1 Qd7 9. Nbd2 0-0-0 10. Nf1 f6 11. b4 Ng6 12. a4 h5 13. a5 Kb8 14. b5 Nce7 15. c4 dxc4 16. Bxc4 h4 17. h3 Bf5 18. b6 Nf4 19. bxa7+ Ka8 20. a6 b6 21. Ne3 Bxh3 22. Nf1 Nxg2 23. Rxe7 Bxe7 24. N1h2 g5 25. Qe2 Rde8 26. Qe4+ c6 27. d5 Bc5 28. dxc6 Rxe4 29. cxd7 Rxc4 30. Bb2 Rd8 31. Bxf6 Rxd7 32. Bxg5 Rc2 33. Bxh4 Nxh4 34. Nxh4 Bxf2+ 35. Kh1 Bxh4 0-1

[Event "Titled Tuesday intern op 11th Jul Late"]
[Site "Chess.com INT"]
[Date "2023.07.11"]
[Round "1"]
[White "Tuzi, Bruna"]
[Black "Sebag, Marie"]
[Result "0-1"]
[WhiteElo "2051"]
[BlackElo "2429"]
[PlyCount "52"]
[EventDate "2023.07.11"]
[EventType "swiss (blitz)"]
[EventRounds "11"]
[EventCountry "USA"]
[SourceTitle "EXT 2024"]
[Source "ChessBase"]
[SourceDate "2023.10.10"]
[SourceVersion "1"]
[SourceVersionDate "2023.10.10"]
[SourceQuality "1"]

1. e4 c5 2. Nf3 Nc6 3. Bb5 g6 4. c3 Nf6 5. Qe2 Bg7 6. 0-0 0-0 7. h3 d5 8. e5 Nd7 9. d4 e6 10. Bg5 Qb6 11. Be3 c4 12. Bg5 Qxb5 13. Na3 Qb6 14. Rab1 a6 15. h4 h6 16. Bf4 Qd8 17. Qd2 Kh7 18. h5 b5 19. g4 gxh5 20. Kg2 f6 21. Rh1 fxe5 22. Nxe5 Ndxe5 23. Rxh5 Nxg4 24. f3 Qf6 25. Qc2+ Kg8 26. Be5 Ne3+ 0-1

[Event "GER-chT Federal Cup (Women)"]
[Site "Braunfels"]
[Date "2022.06.18"]
[Round "4.17"]
[White "Rieping, Lea"]
[Black "Tuzi, Bruna"]
[Result "1-0"]
[WhiteElo "1912"]
[BlackElo "1999"]
[PlyCount "37"]
[EventDate "2022.06.15"]
[EventType "team-swiss"]
[EventRounds "5"]
[EventCountry "GER"]
[SourceTitle "EXT 2023"]
[Source "ChessBase"]
[SourceDate "2022.10.05"]
[SourceVersion "1"]
[SourceVersionDate "2022.10.05"]
[SourceQuality "1"]

1. d4 d5 2. Nc3 Nf6 3. Bf4 c6 4. e3 Bf5 5. f3 Nh5 6. Bxb8 Qxb8 7. g4 Ng3 8. hxg3 Qxg3+ 9. Kd2 Bg6 10. f4 f5 11. gxf5 Bxf5 12. Qf3 Qg6 13. Bh3 Bxc2 14. f5 Be4 15. Nxe4 dxe4 16. fxg6 exf3 17. Nxf3 Rd8 18. Ne5 hxg6 19. Bd7+ 1-0

[Event "Oberliga Ost-B 2122"]
[Site "Germany"]
[Date "2022.05.01"]
[Round "3.8"]
[White "Tuzi, Bruna"]
[Black "Chandler, Patrick"]
[Result "1/2-1/2"]
[WhiteElo "1991"]
[BlackElo "2151"]
[PlyCount "34"]
[EventDate "2021.10.10"]
[EventType "team-tourn"]
[EventRounds "11"]
[EventCountry "GER"]
[SourceTitle "EXT 2023"]
[Source "ChessBase"]
[SourceDate "2022.10.05"]
[SourceVersion "1"]
[SourceVersionDate "2022.10.05"]
[SourceQuality "1"]
[WhiteTeam "Wiesbaden"]
[BlackTeam "Oberursel"]
[WhiteTeamCountry "GER"]
[BlackTeamCountry "GER"]

1. e4 d6 2. d4 Nf6 3. Nc3 Nc6 4. Nf3 Bg4 5. Be2 e6 6. 0-0 Be7 7. Be3 d5 8. exd5 exd5 9. Re1 0-0 10. h3 Bxf3 11. Bxf3 Nb8 12. Qd3 c6 13. Ne2 Nbd7 14. Ng3 g6 15. Bh6 Re8 16. h4 Bf8 17. Qd2 Rxe1+ 1/2-1/2

[Event "Oberliga Ost-B 2122"]
[Site "Germany"]
[Date "2022.04.30"]
[Round "2.7"]
[White "Tuzi, Bruna"]
[Black "Neidhardt, Helge"]
[Result "1-0"]
[WhiteElo "1991"]
[BlackElo "2014"]
[PlyCount "95"]
[EventDate "2021.10.10"]
[EventType "team-tourn"]
[EventRounds "11"]
[EventCountry "GER"]
[SourceTitle "EXT 2023"]
[Source "ChessBase"]
[SourceDate "2022.10.05"]
[SourceVersion "1"]
[SourceVersionDate "2022.10.05"]
[SourceQuality "1"]
[WhiteTeam "Wiesbaden"]
[BlackTeam "Marburg"]
[WhiteTeamCountry "GER"]
[BlackTeamCountry "GER"]

1. e4 e5 2. Nf3 Nc6 3. Bc4 Bc5 4. 0-0 d6 5. c3 Nf6 6. Re1 0-0 7. d4 Bb6 8. h3 h6 9. a4 a5 10. dxe5 dxe5 11. Qb3 Nh5 12. Be3 Bxe3 13. fxe3 Nf6 14. Nbd2 Qe7 15. Rf1 Nb8 16. Nh4 Na6 17. Ng6 Qc5 18. Rae1 Rd8 19. Bxf7+ Kh7 20. Nf3 Nxe4 21. Ngxe5 Bf5 22. Qc2 Nd6 23. Bg6+ Bxg6 24. Qxg6+ Kh8 25. Qg3 Re8 26. Ng6+ Kh7 27. Nd4 Qd5 28. Nh4 Nc5 29. Qg6+ Kh8 30. Nhf5 Nxf5 31. Rxf5 Qd6 32. Qg4 Re4 33. Qf3 Rae8 34. Nb5 Qe7 35. Rf7 Qe5 36. Nxc7 Rxe3 37. Rxe3 Qxe3+ 38. Qxe3 Rxe3 39. Nd5 Re2 40. b4 Rd2 41. bxc5 Rxd5 42. Rc7 Rd1+ 43. Kf2 Ra1 44. Ke3 Rxa4 45. Kd3 Ra1 46. Rxb7 Rd1+ 47. Kc4 a4 48. Ra7 1-0

[Event "Oberliga Ost-B 2122"]
[Site "Germany"]
[Date "2022.04.03"]
[Round "11.7"]
[White "Tuzi, Bruna"]
[Black "Kirschbaum, Gunnar"]
[Result "1-0"]
[WhiteElo "1991"]
[BlackElo "2041"]
[PlyCount "53"]
[EventDate "2021.10.10"]
[EventType "team-tourn"]
[EventRounds "11"]
[EventCountry "GER"]
[SourceTitle "EXT 2023"]
[Source "ChessBase"]
[SourceDate "2022.10.05"]
[SourceVersion "1"]
[SourceVersionDate "2022.10.05"]
[SourceQuality "1"]
[WhiteTeam "Wiesbaden"]
[BlackTeam "Erfurt Medizin"]
[WhiteTeamCountry "GER"]
[BlackTeamCountry "GER"]

1. e4 e5 2. Nf3 d6 3. Bc4 Be7 4. 0-0 Nf6 5. Re1 0-0 6. c3 c6 7. Bb3 Nbd7 8. d4 Qc7 9. Nbd2 a6 10. Nf1 c5 11. a4 cxd4 12. cxd4 exd4 13. Nxd4 Nc5 14. Bc2 Re8 15. Ng3 Bf8 16. b4 Ncd7 17. Bf4 Ne5 18. Rb1 b6 19. Bg5 Ned7 20. Bb3 Bb7 21. Rc1 Qd8 22. Qd2 Rc8 23. Rcd1 Qc7 24. f3 Qc3 25. Qf4 Qxb4 26. Ngf5 Nd5 27. Qg3 1-0

[Event "GER-chT Federal Cup (Women)"]
[Site "Braunfels"]
[Date "2021.10.23"]
[Round "4.11"]
[White "Valkova, Angelika"]
[Black "Tuzi, Bruna"]
[Result "0-1"]
[WhiteElo "2059"]
[BlackElo "1971"]
[PlyCount "80"]
[EventDate "2021.10.19"]
[EventType "team-tourn"]
[EventRounds "5"]
[EventCountry "GER"]
[SourceTitle "CBM 204 Extra"]
[Source "ChessBase"]
[SourceDate "2021.11.30"]
[SourceVersion "1"]
[SourceVersionDate "2021.11.30"]
[SourceQuality "1"]

1. d4 d5 2. Nf3 Nf6 3. c4 c6 4. cxd5 cxd5 5. Nc3 Nc6 6. Bf4 Bf5 7. e3 e6 8. Bb5 Be7 9. Ne5 Qb6 10. 0-0 0-0 11. Bxc6 bxc6 12. g4 Bg6 13. g5 Nh5 14. Nd7 Qxb2 15. Nxf8 Rxf8 16. Ne2 Qb5 17. a4 Qa6 18. Ra2 Bd3 19. Qd2 Bc4 20. Rb2 Nxf4 21. exf4 Ba3 22. Rc2 Bb3 23. Rc3 Bb4 24. Qe3 Bxc3 25. Nxc3 Bc2 26. Rc1 Bf5 27. h4 g6 28. Qe5 Qd3 29. Ne2 Qf3 30. Qe3 Qg4+ 31. Ng3 Be4 32. Kf1 Rb8 33. Nxe4 dxe4 34. Qxe4 Rb4 35. Qe5 Qf3 36. Qd6 Qh1+ 37. Ke2 Rb2+ 38. Kd3 Qf3+ 39. Kc4 Qb3+ 40. Kc5 Qa3+ 0-1

[Event "Titled Tuesday intern op 27th July"]
[Site "Chess.com INT"]
[Date "2021.07.27"]
[Round "4"]
[White "Li, Hui"]
[Black "Tuzi, Bruna"]
[Result "1-0"]
[WhiteElo "2001"]
[BlackElo "1971"]
[PlyCount "31"]
[EventDate "2021.07.27"]
[EventType "swiss (blitz)"]
[EventRounds "11"]
[EventCountry "USA"]
[SourceTitle "CBM 203 Extra"]
[Source "ChessBase"]
[SourceDate "2021.09.30"]
[SourceVersion "1"]
[SourceVersionDate "2021.09.30"]
[SourceQuality "1"]

1. e4 c5 2. Nf3 Nc6 3. d4 cxd4 4. Nxd4 Nf6 5. Nc3 e5 6. Ndb5 d6 7. Bg5 a6 8. Na3 b5 9. Nd5 Be7 10. Bxf6 Bxf6 11. c3 Bg5 12. Nc2 0-0 13. a4 bxa4 14. Rxa4 Rb8 15. Ncb4 a5 16. Nxc6 1-0

[Event "Online Olym Div3 A"]
[Site "Chess.com INT"]
[Date "2020.08.07"]
[Round "2.1"]
[White "Tuzi, Bruna"]
[Black "Dubois, Martine"]
[Result "1-0"]
[WhiteElo "1971"]
[BlackElo "1802"]
[PlyCount "129"]
[EventDate "2020.08.07"]
[EventType "team-tourn (rapid)"]
[EventRounds "9"]
[EventCountry "USA"]
[SourceTitle "CBM 198"]
[Source "ChessBase"]
[SourceDate "2020.10.31"]
[SourceVersion "1"]
[SourceVersionDate "2020.10.31"]
[SourceQuality "1"]
[WhiteTeam "Albania"]
[BlackTeam "Monaco"]
[WhiteTeamCountry "ALB"]
[BlackTeamCountry "MNC"]

1. e4 e5 2. Nf3 d5 3. exd5 e4 4. Ng1 Qxd5 5. Nc3 Qe5 6. Be2 Nf6 7. d3 Bb4 8. d4 Qe7 9. Be3 0-0 10. Bc4 Bxc3+ 11. bxc3 Bg4 12. Qb1 c6 13. Ne2 b5 14. Bb3 Nbd7 15. a4 a6 16. Ng3 Nb6 17. h3 Bd7 18. Qc1 bxa4 19. Bxa4 Nxa4 20. Rxa4 c5 21. Ra2 Bb5 22. Qa3 Nd5 23. Qc1 Nxc3 24. Ra3 cxd4 25. Bxd4 Nd5 26. c4 Bxc4 27. Nf5 Qb4+ 28. Rc3 Nxc3 29. Bxc3 Qb7 30. Bxg7 f6 31. Qxc4+ Qf7 32. Qe2 Rfc8 33. 0-0 Rc5 34. Nh6+ Kxg7 35. Nxf7 Kxf7 36. Qxe4 Re8 37. Qxh7+ Ke6 38. Qe4+ Re5 39. Qc6+ Kf7 40. Qxa6 R8e6 41. Rb1 Kg6 42. Qd3+ f5 43. Qg3+ Kf6 44. Rb7 Re7 45. Rxe7 Rxe7 46. Qd6+ Re6 47. Qd4+ Kg6 48. g3 Rf6 49. Kg2 Kg5 50. f4+ Kg6 51. g4 fxg4 52. hxg4 Kf7 53. Kg3 Re6 54. Qd7+ Re7 55. Qd5+ Kg7 56. f5 Rf7 57. g5 Rf8 58. Kg4 Kh8 59. Qe5+ Kg8 60. Qe6+ Kg7 61. Qh6+ Kg8 62. g6 Rxf5 63. Qh7+ Kf8 64. Kxf5 Ke8 65. g7 1-0

[Event "Online Olym Div3 A"]
[Site "Chess.com INT"]
[Date "2020.08.07"]
[Round "1.5"]
[White "Tuzi, Bruna"]
[Black "Nithyalakshmi, Sivanesan"]
[Result "0-1"]
[WhiteElo "1971"]
[BlackElo "1945"]
[PlyCount "114"]
[EventDate "2020.08.07"]
[EventType "team-tourn (rapid)"]
[EventRounds "9"]
[EventCountry "USA"]
[SourceTitle "CBM 198"]
[Source "ChessBase"]
[SourceDate "2020.10.31"]
[SourceVersion "1"]
[SourceVersionDate "2020.10.31"]
[SourceQuality "1"]
[WhiteTeam "Albania"]
[BlackTeam "Malaysia"]
[WhiteTeamCountry "ALB"]
[BlackTeamCountry "MAS"]

1. e4 e5 2. Nf3 Nc6 3. Bc4 d6 4. 0-0 Be7 5. d3 Nf6 6. Bb3 Bg4 7. c3 0-0 8. Re1 Na5 9. Bc2 c5 10. Nbd2 Qc7 11. Nf1 Rfe8 12. Ng3 b5 13. h3 Bd7 14. Be3 Rab8 15. Nh2 b4 16. cxb4 Rxb4 17. b3 Nc6 18. Rc1 Qb8 19. Nh5 g6 20. Ng3 Bf8 21. h4 h5 22. Qf3 Ng4 23. Bg5 Nd4 24. Qd1 Rb7 25. f3 Nxh2 26. Kxh2 Ne6 27. Qd2 Bg7 28. Rf1 Bb5 29. Ne2 Nxg5 30. hxg5 Bd7 31. Nc3 Be6 32. Bd1 Qd8 33. g4 hxg4 34. fxg4 f6 35. Rh1 fxg5 36. Kg3 Qf6 37. Qh2 Qf4+ 38. Kg2 Qxc1 39. Qh7+ Kf8 40. Ne2 Qe3 41. Rf1+ Rf7 42. Qxg6 Rxf1 43. Kxf1 Re7 44. b4 cxb4 45. Ba4 Bxg4 46. Bd1 Rf7+ 47. Ke1 Rf6 48. Qh7 Bxe2 49. Bxe2 Qc1+ 50. Bd1 Qf4 51. Be2 Rh6 52. Qf5+ Qxf5 53. exf5 Rh2 54. Kd2 g4 55. Ke3 Bh6+ 56. Ke4 Rxe2+ 57. Kd5 g3 0-1

[Event "Hessenliga 1921"]
[Site "Hessen"]
[Date "2020.03.08"]
[Round "7.4"]
[White "Chandler, Patrick"]
[Black "Tuzi, Bruna"]
[Result "0-1"]
[WhiteElo "2095"]
[BlackElo "1971"]
[PlyCount "126"]
[EventDate "2019.09.22"]
[EventType "team-tourn"]
[EventRounds "9"]
[EventCountry "GER"]
[SourceTitle "EXT 2024"]
[Source "ChessBase"]
[SourceDate "2023.10.10"]
[SourceVersion "1"]
[SourceVersionDate "2023.10.10"]
[SourceQuality "1"]
[WhiteTeam "Nied"]
[BlackTeam "Giessen"]
[WhiteTeamCountry "GER"]
[BlackTeamCountry "GER"]

1. Nf3 d5 2. b4 Nf6 3. Bb2 Bg4 4. e3 e6 5. a3 Be7 6. Be2 0-0 7. d3 c5 8. bxc5 Bxc5 9. Nbd2 Nbd7 10. c4 dxc4 11. d4 c3 12. Bxc3 Be7 13. Bb4 Nb6 14. 0-0 Nbd5 15. Qb3 Qb6 16. Bxe7 Qxb3 17. Nxb3 Nxe7 18. h3 Bh5 19. Rfc1 Rac8 20. g4 Bg6 21. Ne5 Rxc1+ 22. Rxc1 Rc8 23. Rxc8+ Nxc8 24. Nxg6 hxg6 25. Na5 Nd6 26. Bf3 b6 27. Nc6 a5 28. Be2 Nd5 29. Kf1 Nc3 30. Bd3 Ndb5 31. a4 Na3 32. Ke1 Nxa4 33. Kd2 Nb2 34. Be2 Nbc4+ 35. Kc3 Nd6 36. f3 Nab5+ 37. Kb3 Nc7 38. e4 Kf8 39. Ka4 f5 40. Bd3 fxe4 41. fxe4 Nf7 42. Na7 Ng5 43. Nc8 b5+ 44. Kxa5 Nxh3 45. Kb6 Nf2 46. Bb1 Ne8 47. g5 Nh3 48. Kxb5 Nxg5 49. Kc6 Nf3 50. d5 Ne5+ 51. Kc5 g5 52. dxe6 g4 53. Kd4 g3 54. Kxe5 g2 55. Ba2 Kg8 56. e7+ Kh7 57. Nd6 Nf6 58. Be6 g1Q 59. Bf5+ Kh6 60. Ke6 Qb6 61. Ke5 Qb3 62. e8Q Nxe8 63. Nxe8 Qb5+ 0-1

[Event "Hofheim Spring op-B 7th"]
[Site "Hofheim"]
[Date "2019.04.23"]
[Round "1"]
[White "Lorenz, Alexander1111"]
[Black "Tuzi, Bruna"]
[Result "0-1"]
[WhiteElo "1748"]
[BlackElo "1909"]
[PlyCount "54"]
[EventDate "2019.04.23"]
[EventType "swiss"]
[EventRounds "9"]
[EventCountry "GER"]
[SourceTitle "CBM 190 Extra"]
[Source "ChessBase"]
[SourceDate "2019.07.15"]
[SourceVersion "1"]
[SourceVersionDate "2019.07.15"]
[SourceQuality "1"]

1. e4 c5 2. Nc3 Nc6 3. Bb5 Nd4 4. f4 a6 5. Bc4 e6 6. d3 Ne7 7. Nf3 Nec6 8. 0-0 b5 9. Bb3 a5 10. a3 Nxb3 11. cxb3 b4 12. Ne2 d5 13. exd5 Qxd5 14. d4 Ba6 15. Re1 Bxe2 16. Rxe2 Nxd4 17. Nxd4 cxd4 18. Rd2 Rd8 19. Rd3 Be7 20. Be3 Qe4 21. Bf2 Qxf4 22. Bxd4 Rxd4 23. axb4 Rxd3 24. Qxd3 Qxb4 25. Rc1 0-0 26. Rc4 Qe1+ 27. Qf1 Qxf1+ 0-1